000 00296nam a22001337a 4500
020 _a019560848-8
082 _a425
_bRID/B
100 _aRIDOUT RONALD
245 _aBETTER ENGLISH
260 _aNEW YORK
_bOXFORD UNIVERSITY PRESS
300 _a96
650 _aCOMPOSITIONS
_zNEW YORK
942 _cBK
999 _c3827
_d3827